000 00671nam a2200205Ia 4500
003 GCL
008 140319s9999 xx 000 0 ara d
040 _aGCL /
_cGCL
082 0 4 _a791.435
_bص ب
245 1 0 _aبانوراما السينما المصرية 2003
250 _aالاولى
260 _aالقاهرة :
_bوزارة الثقافة - صندوق التنمية الثقافية
300 _a118ص ؛
_c30سم
650 0 4 _aالافلام السينمائية
650 0 4 _aالسينما
650 0 4 _aالتصوير السينمائى
650 0 4 _aالسينمائيون المصريون
650 0 4 _aالسينما - مصر
942 _2ddc
_cBK
999 _c7811
_d7811